les personnage de mario sans les voyelles - Statistiques

Statistiques générales
  • Ce quiz a été pris 512 fois
  • Le résultat moyen est 12 sur 15
Statistiques - réponses
Sans Les voyelles Réponses % Correct
L_ _G_ Luigi
100%
M_R_ _ Mario
100%
B_WS_R Bowser
94%
W_L_ _G_ Waluigi
90%
W_R_ _ Wario
90%
T_ _D Toad
89%
D_DD_ K_NG Diddy Kong
86%
K_ _P_A koopa
85%
D_NK_ _ K_NG Donkey Kong
84%
G_ _MB_ Goomba
71%
B_B _MB Bob Omb
70%
B_RD_ Birdo
69%
L_K_T_ Lakitu
67%
_ _ SH_ Yoshi
67%
CH_MP CH_MP Chimp Chomp
28%
Aucun quiz correspondant
Distribution des résultats
% des personnes avec chaque résultat
Percentile par nombre de réponses
Votre historique - résultats
Vous n’avez pas pris ce quiz